| 000 | 01136nam a22002297a 4500 | ||
|---|---|---|---|
| 005 | 20160804091357.0 | ||
| 008 | 160804s1911 ck |||fr|||| 001 s spa d | ||
| 040 |
_aCO-BoUCM _bspa _cSandra Yazo _dSandra Yazo |
||
| 041 | 0 | _aspa | |
| 082 | 0 | 4 | _220 |
| 092 | _aE40N122 | ||
| 100 | 1 |
_9675 _aHolguín y Caro, Hernando _d1871 1921 |
|
| 245 | 1 | 0 |
_aDiscursos leídos ante la académia colombiana el 11 de marzo de 1911 en la recepción pública _cdel Señor Hernando Holguin y Caro |
| 260 |
_aBogotá (Colombia) _bImprenta Eléctrica _c1911 |
||
| 300 |
_a47 páginas _c25 x 17 cm |
||
| 500 | _aDetalles físicos: Encuadernación rígida en cartón forrado en tela, tapa delantera con adornos repujados y letras en dorado. Guardas. Portada impresa en una sola tinta. Cenefa. Texto impreso en una sola tinta. Notas al pie de página. Residuos de cinta pegante | ||
| 505 | 0 | _aDiscurso -- Contestación al anterior discurso, leída por el señor doctor R. M. Carrasquilla | |
| 506 | _aConsulta en sala | ||
| 650 | 7 |
_913354 _aDiscursos colombianos |
|
| 690 |
_aLiteratura colombiana _918629 |
||
| 942 |
_2LOCAL _cLIBRO _e1 _hE40N122 |
||
| 999 |
_c303979 _d303979 |
||